Chaîne de lettres Pokémon Type Feu - Statistiques

Statistiques générales
  • Ce quiz a été pris 43 fois
  • Le résultat moyen est 12 sur 15
Statistiques - réponses
Indice Pokémon % Correct
Fait parti du Trio des oiseaux légendaires Sulfura
100%
Souvent associé à Élektek Magmar
92%
Légendaire de N dans Pokémon Blanc Reshiram
89%
Pré-Évolution de Volcaropod Limagma
87%
Évolution de Hélionceau Némélios
87%
Évolution d'un starter de Kanto Reptincel
84%
Évolution Finale d'un starter de Z-A Roitiflam
84%
Starter Feu de Sinnoh Ouisticram
82%
Ennemi des Fermites Aflamanoir
79%
Il change de forme en fonction de la météo Morphéo
76%
Paradoxe futuriste de Pyrax Mite-de-fer
74%
Évolution d'un starter de XY Roussil
74%
Évolution d'un starter de Galar Lapyro
71%
Dominant du Parc Volcanique à Akala Ossatueur
63%
Il est Monarque dans LPA à la Côte Lazuli Arcanin
47%
Aucun quiz correspondant
Distribution des résultats
% des personnes avec chaque résultat
Percentile par nombre de réponses
Votre historique - résultats
Vous n’avez pas pris ce quiz